000 00334 a2200169 4500
001 183324
020 _a85-08-05517-X
040 _cMagnum
100 _aParker, Steve
240 1 0 _aO corpo humano
_lpor
245 1 0 _aO corpo humano
300 _a61
362 0 _a1995
440 1 _aÁtica
697 _aCIÊNCIAS
942 _cBK
999 _c183324
_d183324